Relaciones Centroamérica-México Costa Rica-México 1978-1986: de la concertación a la confrontación /

محفوظ في:
التفاصيل البيبلوغرافية
المؤلف الرئيسي: Jauberth Rojas, H. Rodrigo (Coordinador)
مؤلفون آخرون: Aguilar Zinser, Adolfo (Coordinador)
التنسيق: كتاب
اللغة:Spanish
منشور في: México Centro de Investigación y Docencia Económicas 1987
الطبعة:1 era. edición
الموضوعات:
الوسوم: إضافة وسم
لا توجد وسوم, كن أول من يضع وسما على هذه التسجيلة!

MARC

LEADER 00000nam a22000007a 4500
003 cru CIDCACS/IIS
005 20230613135024.0
008 180518b1987 mx db|||||||||||| ||spa||
020 |a 968-29-1589-9 
040 |c cru CIDCACS/IIS 
090 |a 01.02.01 A283r 
100 1 |9 7231  |a Jauberth Rojas, H. Rodrigo  |e Coordinador 
245 1 0 |a Relaciones Centroamérica-México Costa Rica-México 1978-1986:   |b de la concertación a la confrontación /  |c H. Rodrigo Jauberth Rojas, Adolfo Aguilar Zinser (coordinadores) 
250 |a 1 era. edición   |b Cuido de la edición. Unidad de Publicaciones del CIDE 
260 |a México  |b Centro de Investigación y Docencia Económicas  |c 1987 
300 |a 459 páginas 
500 |a Colección Alforja 
650 1 0 |9 371  |a RELACIONES EXTERIORES 
651 1 0 |9 32  |a COSTA RICA 
651 1 0 |a MEXICO  |9 3410 
700 1 |9 7233  |a Aguilar Zinser, Adolfo  |e Coordinador 
942 |2 ddc  |c LI 
999 |c 41446  |d 41446